[Event "26.Schlosspark-Open"]
[Site "Wiesbaden-Biebrich"]
[Date "2014.08.29"]
[Round "2.27"]
[White "Holzschuh, Gerald"]
[Black "Ottway, Christopher"]
[Result "1-0"]
[WhiteElo "2113"]
[BlackElo "1951"]
[PlyCount "83"]
[EventDate "2014.??.??"]
[WhiteTeam "SC Bad Nauheim"]
[BlackTeam "Biebertaler SF"]

1. e4 g6 2. d4 Bg7 3. Nc3 d6 4. Be3 a6 5. Qd2 Nd7 6. h4 h5 7. Nh3 b5 8. Ng5
Ngf6 9. f3 Nb6 10. b3 e6 11. g3 Bb7 12. Rc1 Qe7 13. Nd1 d5 14. e5 Nfd7 15. Bd3
c5 16. c3 Rc8 17. Nf2 c4 18. Bb1 a5 19. Nfh3 Nf8 20. Nf4 Bh6 21. Kf2 Bxg5 22.
hxg5 b4 23. g4 h4 24. Ng2 h3 25. Kg3 bxc3 26. Rxc3 Qb4 27. Ne1 Qb5 28. Qe2 Ba6
29. Bd2 a4 30. Bc2 Kd7 31. bxa4 Nxa4 32. Ra3 Nb2 33. Bc3 Ra8 34. Bxb2 Ke7 35.
Bc1 Nd7 36. Rxh3 Rxh3+ 37. Kxh3 Nb6 38. Kg3 Qb4 39. Qd2 c3 40. Qxc3 Qxc3 41.
Rxc3 Bc4 42. a3 1-0

[Event "26.Schlosspark-Open"]
[Site "Wiesbaden-Biebrich"]
[Date "2014.08.29"]
[Round "2.28"]
[White "Soost, Stefan"]
[Black "Minor, Samuel"]
[Result "1/2-1/2"]
[WhiteElo "1953"]
[BlackElo "2229"]
[PlyCount "89"]
[EventDate "2014.??.??"]
[WhiteTeam "vereinslos"]
[BlackTeam "Wiesbadener SV 1885"]

1. e4 c5 2. Nf3 e6 3. d4 cxd4 4. Nxd4 a6 5. a3 Qc7 6. Nc3 Nf6 7. Be2 Be7 8. Be3
d6 9. O-O O-O 10. f4 b5 11. Bf3 Bb7 12. Qe2 Nbd7 13. Nb3 Nb6 14. Na5 Rac8 15.
Nxb7 Qxb7 16. e5 Nfd5 17. Nxd5 Nxd5 18. Bxd5 Qxd5 19. Rad1 Qe4 20. exd6 Bf6 21.
c3 Rfd8 22. Qd3 Qc6 23. f5 e5 24. Qd5 Rd7 25. Rd2 Qxd5 26. Rxd5 Rc6 27. Rfd1
Rc4 28. Rc5 Rxc5 29. Bxc5 g6 30. fxg6 hxg6 31. Kf2 Bg5 32. Rd5 f6 33. Be3 Bxe3+
34. Kxe3 Kf7 35. g4 g5 36. a4 Ke6 37. Ke4 Rxd6 38. Rxd6+ Kxd6 39. axb5 axb5 40.
b3 Kc5 41. Ke3 Kd5 42. Kd3 Kd6 43. Ke4 Ke6 44. Ke3 Kd6 45. Ke4 1/2-1/2

[Event "26.Schlosspark-Open"]
[Site "Wiesbaden-Biebrich"]
[Date "2014.08.29"]
[Round "2.29"]
[White "Busche, Stefan"]
[Black "Kobs, Stephan"]
[Result "1/2-1/2"]
[WhiteElo "2108"]
[BlackElo "1942"]
[PlyCount "104"]
[EventDate "2014.??.??"]
[WhiteTeam "SVG Saarbrücken 1970 e.V."]
[BlackTeam "Hildesheimer SV"]

1. e4 c5 2. c3 d5 3. exd5 Qxd5 4. d4 Nc6 5. Nf3 cxd4 6. cxd4 e5 7. Nc3 Bb4 8.
Bd2 Bxc3 9. Bxc3 e4 10. Ne5 Nxe5 11. dxe5 Ne7 12. Qc2 O-O 13. Rd1 Qxa2 14. Qxe4
Bf5 15. Qc4 Be6 16. Qxa2 Bxa2 17. Be2 Nd5 18. Bd4 Bb3 19. Rc1 Nf4 20. g3 Nxe2
21. Kxe2 Bd5 22. Rhd1 Bc6 23. f4 Rfe8 24. Ke3 f6 25. Rc5 fxe5 26. Rxe5 Rxe5+
27. Bxe5 Re8 28. Rd6 Kf7 29. g4 g6 30. h4 Re6 31. Rd8 Re8 32. Rd1 Re7 33. h5
Rd7 34. hxg6+ hxg6 35. Bd4 Re7+ 36. Be5 Rd7 37. Bd4 Re7+ 38. Be5 Rd7 39. Ra1 a6
40. Ra3 Ke6 41. Rc3 Rh7 42. Rd3 Rh3+ 43. Kd4 Rxd3+ 44. Kxd3 Bf3 45. g5 Kd5 46.
Bc7 Be4+ 47. Kc3 Kc5 48. Bd8 Bf5 49. Be7+ Kd5 50. Bd8 Kc5 51. Be7+ Kd5 52. Bd8
Kc5 1/2-1/2

[Event "26.Schlosspark-Open"]
[Site "Wiesbaden-Biebrich"]
[Date "2014.08.29"]
[Round "2.31"]
[White "Rosenberger, Frank"]
[Black "Schwarz, Eduard"]
[Result "0-1"]
[WhiteElo "2098"]
[BlackElo "1928"]
[PlyCount "64"]
[EventDate "2014.??.??"]
[WhiteTeam "SK 1980 Gernsheim"]
[BlackTeam "SG Turm Idstein"]

1. e4 e5 2. Nf3 Nc6 3. Bc4 Bc5 4. c3 Nf6 5. b4 Bb6 6. d3 d6 7. a4 a6 8. O-O Ne7
9. a5 Ba7 10. Be3 Bxe3 11. fxe3 O-O 12. Qc2 d5 13. Bb3 dxe4 14. dxe4 Ng6 15.
Nbd2 Qe7 16. Bc4 Bd7 17. Qb3 Rad8 18. Rab1 Ng4 19. Rbe1 Bc6 20. h3 Nf6 21. Qc2
Nh5 22. Kh2 Rd7 23. Nb3 Nh4 24. Re2 Nxf3+ 25. gxf3 Rd6 26. Rg2 Rh6 27. Rfg1 Bd7
28. Rg5 Bxh3 29. Qf2 Be6 30. Qh4 Qf6 31. Bxe6 Nf4 32. Rxg7+ Kh8 0-1

[Event "26.Schlosspark-Open"]
[Site "Wiesbaden-Biebrich"]
[Date "2014.08.29"]
[Round "2.32"]
[White "Kalepky, Helmut"]
[Black "Berger, Ewald"]
[Result "0-1"]
[WhiteElo "2084"]
[BlackElo "1916"]
[PlyCount "110"]
[EventDate "2014.??.??"]
[WhiteTeam "Sfr.Heidesheim"]
[BlackTeam "SC Butzbach 2000"]

1. Nf3 Nf6 2. b3 d5 3. Bb2 Bf5 4. e3 e6 5. Be2 Bd6 6. d3 Nbd7 7. Nbd2 O-O 8.
Nh4 Be5 9. Bxe5 Nxe5 10. Ndf3 Nxf3+ 11. Bxf3 c6 12. h3 Qa5+ 13. Qd2 Qxd2+ 14.
Kxd2 g5 15. Nxf5 exf5 16. g4 fxg4 17. Bxg4 Nxg4 18. hxg4 Kg7 19. Rh5 h6 20.
Rah1 Rh8 21. f3 Rae8 22. R1h2 Re6 23. f4 f6 24. c3 Re7 25. R5h3 Kg6 26. f5+ Kg7
27. c4 Re5 28. Rh5 dxc4 29. bxc4 Ra5 30. Kc1 Ra3 31. Rb2 b6 32. Kd2 Rd8 33. d4
Re8 34. Kd1 Rd3+ 35. Kc1 Rc3+ 36. Kb1 Rxc4 37. Rbh2 Rh8 38. Kb2 b5 39. a3 a5
40. Kb3 Rc1 41. Rg2 Re1 42. Rh3 Re8 43. Rgg3 a4+ 44. Kb2 Re2+ 45. Kb1 b4 46.
axb4 Rb8 47. Rh1 Rxb4+ 48. Ka1 Rb3 49. Rgh3 Rbxe3 50. Rxh6 Re1+ 51. Ka2 Rxh1
52. Rxh1 Re4 53. Rc1 Rxg4 54. Rxc6 Rxd4 55. Ra6 g4 0-1

[Event "26.Schlosspark-Open"]
[Site "Wiesbaden-Biebrich"]
[Date "2014.08.29"]
[Round "2.33"]
[White "Krüger, Stefan"]
[Black "Leidorf, Sebastian"]
[Result "0-1"]
[WhiteElo "1912"]
[BlackElo "2052"]
[PlyCount "77"]
[EventDate "2014.??.??"]
[WhiteTeam "SF Leherheide"]
[BlackTeam "SV Bergwinkel"]

1. d4 d5 2. c4 e6 3. Nc3 c5 4. cxd5 exd5 5. Nf3 Nc6 6. g3 Nf6 7. Bg2 Be7 8. O-O
O-O 9. dxc5 Bxc5 10. a3 a6 11. b4 Ba7 12. Bb2 Re8 13. Rc1 Bf5 14. Na4 Be4 15.
Nc5 Qe7 16. Re1 a5 17. Nd4 axb4 18. Nxc6 bxc6 19. axb4 Rab8 20. Bxe4 Nxe4 21.
Nxe4 Qxe4 22. Rxc6 Rxb4 23. Qa1 Ra4 24. Qc1 Qf5 25. e3 h5 26. Qc3 d4 27. exd4
Rxe1+ 28. Qxe1 Bxd4 29. Bxd4 Rxd4 30. h4 Qd5 31. Rc8+ Kh7 32. Rc1 g5 33. hxg5
Qxg5 34. Rd1 Rg4 35. Rd7 Qf5 36. Qe7 Kg7 37. Rd8 Qf6 38. Qf8+ Kh7 39. Qg8+ 0-1

[Event "26.Schlosspark-Open"]
[Site "Wiesbaden-Biebrich"]
[Date "2014.08.29"]
[Round "2.34"]
[White "Hebbering, Tom Elliot"]
[Black "Fröhlich-Dill, Astrid"]
[Result "1-0"]
[WhiteElo "2065"]
[BlackElo "1894"]
[PlyCount "85"]
[EventDate "2014.??.??"]
[WhiteTeam "SJ Herborn 1998"]
[BlackTeam "SV 1920 Hofheim"]

1. d4 Nf6 2. Nf3 e6 3. c4 d5 4. g3 b6 5. Bg2 Bb7 6. cxd5 exd5 7. Qa4+ Bc6 8.
Qb3 Bd6 9. Nc3 Qd7 10. O-O O-O 11. Ne5 Bxe5 12. dxe5 Ne4 13. Rd1 Qf5 14. Be3
Qxe5 15. Rxd5 Bxd5 16. Qxd5 Nd7 17. Qxe4 Qxe4 18. Bxe4 Rad8 19. Bf4 Nc5 20. Bd5
Na6 21. Bc4 Nb4 22. a3 Nc2 23. Rc1 Nd4 24. Nb5 c5 25. Nxa7 Rfe8 26. Be3 Nf5 27.
Bg5 Rd4 28. Nb5 Rg4 29. Bf4 Rg6 30. Bd3 Rge6 31. Bxf5 Rxe2 32. Rb1 c4 33. Be3
g6 34. Bg4 R2xe3 35. fxe3 Rxe3 36. Kf2 Re4 37. Bf3 Re5 38. Nc3 Kg7 39. Re1 Rf5
40. a4 Rf6 41. Rd1 h5 42. Rd4 g5 43. h3 1-0

[Event "26.Schlosspark-Open"]
[Site "Wiesbaden-Biebrich"]
[Date "2014.08.29"]
[Round "2.35"]
[White "Eg, Karlheinz"]
[Black "Kregelin, Jan"]
[Result "0-1"]
[WhiteElo "1896"]
[BlackElo "2073"]
[PlyCount "34"]
[EventDate "2014.??.??"]
[WhiteTeam "SV Rüsselsheim 1929"]
[BlackTeam "FVS ASP Hoyerswerda"]

1. e4 c5 2. Nf3 d6 3. d4 cxd4 4. Nxd4 Nf6 5. Nc3 a6 6. Bc4 e6 7. Bb3 Nbd7 8. f4
Nc5 9. Qf3 Qc7 10. g4 b5 11. g5 Nfxe4 12. Rf1 Bb7 13. Nxe4 Bxe4 14. Qe2 d5 15.
Bd2 Bd6 16. O-O-O Rc8 17. c3 Nd3+ 0-1

[Event "26.Schlosspark-Open"]
[Site "Wiesbaden-Biebrich"]
[Date "2014.08.29"]
[Round "2.36"]
[White "Lukas, Sebastian"]
[Black "Villani, Cristian"]
[Result "1/2-1/2"]
[WhiteElo "1893"]
[BlackElo "2032"]
[PlyCount "51"]
[EventDate "2014.??.??"]
[WhiteTeam "SC 1979 Hattersheim"]
[BlackTeam "SK Durlach"]

1. e4 e6 2. d4 d5 3. Nd2 c5 4. exd5 exd5 5. Ngf3 Nc6 6. Bb5 Bd6 7. dxc5 Bxc5 8.
O-O Nge7 9. Nb3 Bd6 10. Re1 O-O 11. Bd3 h6 12. h3 Nf5 13. c3 Qf6 14. Bc2 Rd8
15. Qd3 g6 16. Qd2 Bf8 17. Bxf5 Bxf5 18. Nfd4 Bd7 19. Qf4 Qxf4 20. Bxf4 Nxd4
21. Nxd4 Re8 22. Bd2 Bg7 23. Rxe8+ Rxe8 24. Re1 Rxe1+ 25. Bxe1 Bxd4 26. cxd4
1/2-1/2

[Event "26.Schlosspark-Open"]
[Site "Wiesbaden-Biebrich"]
[Date "2014.08.29"]
[Round "2.37"]
[White "Junker, Christian"]
[Black "Petreski, Gligur"]
[Result "1/2-1/2"]
[WhiteElo "2061"]
[BlackElo "1890"]
[PlyCount "108"]
[EventDate "2014.??.??"]
[WhiteTeam "SV 1926 Neu-Isenburg"]
[BlackTeam "SV Mainz-Mombach"]

1. Nf3 d5 2. d3 Nf6 3. g3 g6 4. Bg2 Bg7 5. O-O O-O 6. Nbd2 Nbd7 7. e4 c6 8. Nh4
e6 9. f4 Ne8 10. Qe2 Bxb2 11. Bxb2 Qb6+ 12. Kh1 Qxb2 13. c4 dxc4 14. dxc4 Ng7
15. Rfb1 Qf6 16. e5 Qe7 17. Nhf3 Nc5 18. Ng5 Qc7 19. Qf2 b6 20. a4 Bb7 21. a5
Rfd8 22. Bf3 Ne8 23. Nge4 Nxe4 24. Nxe4 c5 25. Rb5 Bc6 26. Rb3 Rab8 27. axb6
axb6 28. Rab1 Bxe4 29. Bxe4 Rd4 30. Qe2 Qd8 31. R3b2 Ng7 32. Ra1 Ne8 33. Kg2 h5
34. Ra7 Ng7 35. Rba2 h4 36. Qc2 Nf5 37. Bxf5 exf5 38. Qe2 Qe8 39. Kh3 Qe6 40.
R2a4 Rbd8 41. Ra8 Rxa8 42. Rxa8+ Kg7 43. Ra4 Qd7 44. Ra2 Qe6 45. Ra4 Kh6 46.
Qf3 Re4 47. Qd3 Rd4 48. Qf3 Kg7 49. Ra8 Qd7 50. Rb8 Re4 51. Kxh4 Qd4 52. Kh3
Qxc4 53. Rxb6 Qd4 54. Rb8 Qe3 1/2-1/2

[Event "26.Schlosspark-Open"]
[Site "Wiesbaden-Biebrich"]
[Date "2014.08.29"]
[Round "2.38"]
[White "Weiland, Thomas"]
[Black "Fucik, Timo"]
[Result "0-1"]
[WhiteElo "1889"]
[BlackElo "2057"]
[PlyCount "84"]
[EventDate "2014.??.??"]
[WhiteTeam "SV Oberursel"]
[BlackTeam "SK 1926 Ettlingen"]

1. e4 c5 2. Nf3 d6 3. c3 Nf6 4. e5 dxe5 5. Nxe5 Nbd7 6. Bb5 a6 7. Qb3 e6 8.
Bxd7+ Nxd7 9. Nxd7 Qxd7 10. O-O Be7 11. Rd1 Qd3 12. c4 Qxb3 13. axb3 Bd7 14.
Nc3 Bc6 15. d3 O-O-O 16. Be3 Rd7 17. Rd2 Rhd8 18. Rad1 e5 19. Na4 Bxa4 20. bxa4
f5 21. f4 exf4 22. Bxf4 b6 23. Kf1 Kb7 24. Be3 Kc6 25. d4 cxd4 26. Rxd4 Bc5 27.
Rxd7 Rxd7 28. Rxd7 Kxd7 29. Ke2 Kc6 30. Bd2 a5 31. Kd3 Kd6 32. Bc3 g6 33. Bf6
Ke6 34. Bg7 g5 35. h3 h5 36. Bc3 g4 37. hxg4 hxg4 38. Bg7 f4 39. Bd4 Kf5 40. b4
Bxd4 41. Kxd4 axb4 42. Kd3 Ke5 0-1

[Event "26.Schlosspark-Open"]
[Site "Wiesbaden-Biebrich"]
[Date "2014.08.29"]
[Round "2.39"]
[White "Berberich, Christoph"]
[Black "Budde, Michael"]
[Result "1-0"]
[WhiteElo "2056"]
[BlackElo "1884"]
[PlyCount "89"]
[EventDate "2014.??.??"]
[WhiteTeam "SK Freiburg Zähringen 1887 e.V."]
[BlackTeam "SC Flörsheim 1921"]

1. d4 Nf6 2. Nf3 d5 3. c4 c6 4. e3 Bg4 5. Nbd2 e6 6. Bd3 Nbd7 7. Qc2 Bh5 8. b3
Be7 9. Bb2 O-O 10. Ne5 c5 11. Nxd7 Qxd7 12. dxc5 dxc4 13. Nxc4 Rfd8 14. Ne5 Qd5
15. O-O Bxc5 16. Rac1 Bd6 17. e4 Qa5 18. Nc4 Bxh2+ 19. Kxh2 Ng4+ 20. Kg1 Qg5
21. Be2 Rac8 22. f4 Qc5+ 23. Kh1 b5 24. Qc3 f6 25. Qg3 bxc4 26. Bxg4 Bxg4 27.
Qxg4 h5 28. Qxe6+ Kh8 29. Rxc4 Qb5 30. Rfc1 Rxc4 31. Qxc4 Qxc4 32. Rxc4 Rd2 33.
Bd4 Rxa2 34. Ra4 Re2 35. Bxa7 Rb2 36. Rb4 Kg8 37. Bd4 Re2 38. e5 fxe5 39. Bxe5
g5 40. Rb7 g4 41. Rg7+ Kf8 42. Rg5 Re3 43. Kh2 Rxb3 44. Rxh5 g3+ 45. Kh3 1-0

[Event "26.Schlosspark-Open"]
[Site "Wiesbaden-Biebrich"]
[Date "2014.08.29"]
[Round "2.40"]
[White "Lanz, Udo"]
[Black "Feicht, Arno"]
[Result "0-1"]
[WhiteElo "1884"]
[BlackElo "2053"]
[PlyCount "74"]
[EventDate "2014.??.??"]
[WhiteTeam "VSG 1880 Offenbach"]
[BlackTeam "SC Butzbach 2000"]

1. e4 c5 2. c3 Nf6 3. e5 Nd5 4. d4 cxd4 5. cxd4 Nc6 6. Nf3 d6 7. exd6 Qxd6 8.
Nc3 Bg4 9. Be2 e6 10. O-O Be7 11. h3 Bh5 12. Ne4 Qd8 13. Be3 O-O 14. Ne5 Bxe2
15. Qxe2 Rc8 16. Rac1 Qa5 17. Nxc6 bxc6 18. a3 Rfd8 19. Rc2 Qb5 20. Qd2 Nb6 21.
Qc1 h6 22. Nc5 Nd5 23. Rd1 Bxc5 24. Rxc5 Qb3 25. Re1 Rb8 26. Re2 Qd3 27. Re1
Rdc8 28. b4 Rb6 29. Rd1 Qa6 30. Ra5 Qb7 31. Rd3 Rb5 32. Bxh6 Rxa5 33. bxa5 gxh6
34. Rg3+ Kh7 35. Qc2+ f5 36. Qe2 Qf7 37. Qe5 Rg8 0-1

[Event "26.Schlosspark-Open"]
[Site "Wiesbaden-Biebrich"]
[Date "2014.08.29"]
[Round "2.41"]
[White "Nagel, Bernhard"]
[Black "Thybo, Thomas Sondergaard"]
[Result "1-0"]
[WhiteElo "2204"]
[BlackElo "1525"]
[PlyCount "69"]
[EventDate "2014.??.??"]
[WhiteTeam "Wiesbadener SV 1885"]
[BlackTeam "Morso Skak Klub"]

1. d4 c5 2. d5 g6 3. Nc3 d6 4. Bf4 Nf6 5. e4 Nbd7 6. Nf3 Bg7 7. Qd2 Qa5 8. Bd3
a6 9. O-O b5 10. Rfe1 Ng4 11. h3 Nge5 12. Nxe5 Nxe5 13. Bh6 O-O 14. Bxg7 Kxg7
15. f4 Nd7 16. a3 Bb7 17. Be2 c4 18. Qd4+ Kg8 19. Bf3 Qb6 20. Rad1 Qxd4+ 21.
Rxd4 Nb6 22. e5 Rae8 23. Rd2 dxe5 24. Rxe5 f6 25. Re6 Nc8 26. d6 Nxd6 27. Rexd6
Bxf3 28. Rxa6 Ba8 29. Nxb5 Rd8 30. Rxd8 Rxd8 31. Nc3 Bb7 32. Ra7 Rd7 33. a4 Bc6
34. Rxd7 Bxd7 35. Kf2 1-0

[Event "26.Schlosspark-Open"]
[Site "Wiesbaden-Biebrich"]
[Date "2014.08.29"]
[Round "2.42"]
[White "Zeyen, Helmut"]
[Black "Rafiee, Makan"]
[Result "0-1"]
[WhiteElo "1801"]
[BlackElo "2258"]
[PlyCount "80"]
[EventDate "2014.??.??"]
[WhiteTeam "Wiesbadener SV 1885"]
[BlackTeam "Kasseler SK 1876"]

1. e4 e5 2. Nf3 Nc6 3. Nc3 Nf6 4. a3 Be7 5. d3 h6 6. h3 d5 7. exd5 Nxd5 8. Nxd5
Qxd5 9. Be2 O-O 10. O-O a5 11. Bd2 Bf5 12. Bc3 Bf6 13. Nh2 Nd4 14. Bxd4 exd4
15. Bf3 Qb5 16. b3 Rfe8 17. Bg4 Bg6 18. Bf3 Be7 19. Re1 Bd6 20. Nf1 c6 21. Ng3
Re5 22. Rxe5 Qxe5 23. Qe1 Qxe1+ 24. Rxe1 Bxa3 25. Ra1 Bb4 26. Kf1 Kf8 27. Be2
Ke7 28. Nh5 Rg8 29. Nf4 Bf5 30. g4 Bd7 31. Ng2 Bc3 32. Rb1 g5 33. f3 b5 34. f4
Ra8 35. h4 f6 36. fxg5 hxg5 37. h5 a4 38. bxa4 bxa4 39. Bf3 a3 40. Rb7 Kd6 0-1

[Event "26.Schlosspark-Open"]
[Site "Wiesbaden-Biebrich"]
[Date "2014.08.29"]
[Round "2.43"]
[White "Timar-Geng, Zoltan"]
[Black "Pioch, Thomas"]
[Result "0-1"]
[WhiteElo "1841"]
[BlackElo "2160"]
[PlyCount "58"]
[EventDate "2014.??.??"]
[WhiteTeam "SC Eulenspiegel Regensb."]
[BlackTeam "Sfr.Mainz 1928"]

1. d4 e6 2. c4 f5 3. Nc3 Nf6 4. Nf3 Bb4 5. a3 Bxc3+ 6. bxc3 O-O 7. Bg5 h6 8.
Bd2 b6 9. e3 Bb7 10. Bd3 Ne4 11. O-O d6 12. Ne1 Nxd2 13. Qxd2 Nd7 14. f3 Qe7
15. e4 f4 16. Bc2 e5 17. Nd3 c5 18. Rfd1 Rfd8 19. Ba4 Nf6 20. Qb2 Kh8 21. Rd2
g5 22. Rad1 g4 23. Qc1 Rg8 24. Kh1 gxf3 25. gxf3 Nxe4 26. d5 Nxd2 27. Qxd2 Rg7
28. Re1 Rag8 29. Qc1 Qg5 0-1

[Event "26.Schlosspark-Open"]
[Site "Wiesbaden-Biebrich"]
[Date "2014.08.29"]
[Round "2.44"]
[White "Serbu, Eli"]
[Black "Bajorski, Marius"]
[Result "1-0"]
[WhiteElo "2150"]
[BlackElo "1807"]
[PlyCount "95"]
[EventDate "2014.??.??"]
[WhiteTeam "Wiesbadener SV 1885"]
[BlackTeam "SV 1920 Hofheim"]

1. e4 e5 2. Nf3 Nc6 3. Bb5 a6 4. Bxc6 dxc6 5. d4 exd4 6. Qxd4 Qxd4 7. Nxd4 Nf6
8. O-O c5 9. Nb3 Be6 10. Nc3 Be7 11. Be3 b6 12. h3 Nd7 13. f4 O-O-O 14. Rfd1 f6
15. Nd5 Bxd5 16. Rxd5 c6 17. Rd2 g5 18. Rf1 c4 19. Nd4 Bc5 20. fxg5 fxg5 21.
Bxg5 Rde8 22. Re1 Rhg8 23. Bh4 Ne5 24. Kh1 Ng6 25. Bg3 Rd8 26. Nf3 Rxd2 27.
Nxd2 b5 28. Kh2 Bd4 29. b3 Bc3 30. Re2 Bxd2 31. Rxd2 cxb3 32. cxb3 Rd8 33.
Rxd8+ Kxd8 34. Kg1 c5 35. Kf2 a5 36. Bd6 c4 37. bxc4 Kd7 38. c5 b4 39. Ke3 a4
40. Kd3 b3 41. axb3 a3 42. Kc2 Nh4 43. b4 Nxg2 44. Kb3 Ne3 45. Kxa3 Nc4+ 46.
Ka4 Nxd6 47. cxd6 Kxd6 48. Ka5 1-0

[Event "26.Schlosspark-Open"]
[Site "Wiesbaden-Biebrich"]
[Date "2014.08.29"]
[Round "2.45"]
[White "Björknes, Uwe"]
[Black "Brandl, Lea Maria"]
[Result "1-0"]
[WhiteElo "2133"]
[BlackElo "1781"]
[PlyCount "81"]
[EventDate "2014.??.??"]
[WhiteTeam "vereinslos"]
[BlackTeam "TSV Schott Mainz"]

1. d4 Nf6 2. c4 g6 3. Nc3 d5 4. cxd5 Nxd5 5. Na4 Bg7 6. Nf3 O-O 7. e3 b6 8. Be2
Bb7 9. O-O Nd7 10. Qb3 Rc8 11. Rd1 e6 12. Bd2 Qe7 13. Rac1 Rfd8 14. Nc5 Nxc5
15. dxc5 c6 16. e4 Nf6 17. Bg5 Rxd1+ 18. Bxd1 Qc7 19. Qe3 b5 20. Bf4 Qa5 21. a3
Nd7 22. b4 Qd8 23. Bb3 Qe8 24. Rd1 Nf6 25. Qd3 a6 26. h3 Kh8 27. g4 h6 28. Be5
Ba8 29. Qd4 Qe7 30. Kg2 Kh7 31. g5 hxg5 32. Nxg5+ Kg8 33. f4 Nh5 34. Bxg7 Nxg7
35. Qd7 Qxd7 36. Rxd7 Rf8 37. Kf3 Nh5 38. Nxf7 Ng7 39. Ng5 Re8 40. Rd6 Bb7 41.
Nxe6 1-0

[Event "26.Schlosspark-Open"]
[Site "Wiesbaden-Biebrich"]
[Date "2014.08.29"]
[Round "2.46"]
[White "Gelfenbaum, Daniel"]
[Black "Werner, Dimo"]
[Result "1/2-1/2"]
[WhiteElo "1716"]
[BlackElo "2097"]
[PlyCount "24"]
[EventDate "2014.??.??"]
[WhiteTeam "SAbt TuS Makkabi Ffm"]
[BlackTeam "TSV Schott Mainz"]

1. e4 e5 2. Nf3 d6 3. d4 exd4 4. Nxd4 Nf6 5. Nc3 Be7 6. Be2 O-O 7. O-O Nc6 8.
Be3 Bd7 9. f4 Nxd4 10. Bxd4 Bc6 11. e5 Nd7 12. Bc4 dxe5 1/2-1/2

[Event "26.Schlosspark-Open"]
[Site "Wiesbaden-Biebrich"]
[Date "2014.08.29"]
[Round "2.47"]
[White "Fellhauer, Clemens"]
[Black "Hafensteiner, Tim"]
[Result "1/2-1/2"]
[WhiteElo "2096"]
[BlackElo "1768"]
[PlyCount "40"]
[EventDate "2014.??.??"]
[WhiteTeam "SK 69 Mühlhausen e.V."]
[BlackTeam "Biebertaler SF"]

1. e4 e5 2. Bc4 Nc6 3. Nf3 Nf6 4. d3 Bc5 5. Nbd2 O-O 6. c3 d5 7. exd5 Nxd5 8.
O-O Re8 9. Re1 f6 10. d4 Bb6 11. dxe5 Nxe5 12. Nxe5 Rxe5 13. Rxe5 fxe5 14. Nf3
c6 15. Nxe5 Be6 16. Bxd5 Bxd5 17. c4 Bxc4 18. Qxd8+ Rxd8 19. Bg5 Rd4 20. Be3
Re4 1/2-1/2

[Event "26.Schlosspark-Open"]
[Site "Wiesbaden-Biebrich"]
[Date "2014.08.29"]
[Round "2.48"]
[White "Börkey, Luis"]
[Black "Frey, Thomas"]
[Result "0-1"]
[WhiteElo "1095"]
[BlackElo "2089"]
[PlyCount "37"]
[EventDate "2014.??.??"]
[WhiteTeam "Wiesbadener SV 1885"]
[BlackTeam "SV Reutlingen"]

1. e4 e6 2. d4 d5 3. Nc3 Nf6 4. e5 Nfd7 5. Nf3 c5 6. Be2 cxd4 7. Qxd4 Nc6 8.
Qd1 Ndxe5 9. Bb5 Ng6 10. Qe2 Be7 11. O-O O-O 12. Re1 Bf6 13. Bf4 Nxf4 14. Qd2
Qd6 15. Bxc6 bxc6 16. Nd4 e5 17. Nb3 Be7 18. Qe3 Qg6 19. Qxe5 0-1

[Event "26.Schlosspark-Open"]
[Site "Wiesbaden-Biebrich"]
[Date "2014.08.29"]
[Round "2.49"]
[White "Seickel, Ralf"]
[Black "Ley, Sabrina"]
[Result "1-0"]
[WhiteElo "2073"]
[BlackElo "1597"]
[PlyCount "81"]
[EventDate "2014.??.??"]
[WhiteTeam "vereinslos"]
[BlackTeam "SV Turm Lahnstein"]

1. e4 c5 2. Nf3 d6 3. d4 cxd4 4. Nxd4 Nf6 5. Nc3 a6 6. Bg5 Nbd7 7. Qe2 h6 8.
Bh4 Qc7 9. O-O-O e6 10. f4 Be7 11. g4 g5 12. fxg5 hxg5 13. Bxg5 Ne5 14. Bxf6
Bxf6 15. Kb1 Bd7 16. Rg1 b5 17. g5 Rg8 18. Qe3 Be7 19. a3 Rb8 20. h4 b4 21.
axb4 Rxb4 22. Na2 Rb6 23. Be2 Qb8 24. b3 a5 25. h5 a4 26. g6 fxg6 27. hxg6 axb3
28. cxb3 Ba4 29. Rg3 Kd7 30. Kc2 Bc6 31. Nc3 Rxg6 32. Rxg6 Nxg6 33. Bg4 Nf8 34.
Qh3 Qc7 35. Bxe6+ Nxe6 36. Qxe6+ Kd8 37. Qc4 Qd7 38. Rg1 Qe8 39. Rg8 Bf8 40.
Ne6+ Kd7 41. Nxf8+ 1-0

[Event "26.Schlosspark-Open"]
[Site "Wiesbaden-Biebrich"]
[Date "2014.08.29"]
[Round "2.50"]
[White "Kuhn, Gerhard"]
[Black "Färber, David"]
[Result "1-0"]
[WhiteElo "2023"]
[BlackElo "1691"]
[PlyCount "149"]
[EventDate "2014.??.??"]
[WhiteTeam "SK Marburg 1931/72"]
[BlackTeam "SV 1947 Walldorf"]

1. e4 c6 2. d4 d5 3. exd5 cxd5 4. Bd3 Nf6 5. c3 e6 6. Nf3 Be7 7. O-O O-O 8. Bf4
b6 9. Qe2 Bb7 10. Nbd2 Nbd7 11. Rfe1 Rc8 12. h3 Re8 13. Bb5 Ra8 14. Ne5 Nxe5
15. Bxe5 Rf8 16. Bd3 Nd7 17. Bg3 Re8 18. Nf3 Bf6 19. a4 Qe7 20. a5 g6 21. Qc2
Bg7 22. Qb3 Rec8 23. Bb5 bxa5 24. Rxa5 a6 25. Bf1 Nb8 26. Ra2 Nc6 27. Rea1 a5
28. Bb5 Na7 29. Rxa5 Nxb5 30. Qxb5 Rxa5 31. Rxa5 Ra8 32. b4 f6 33. Rxa8+ Bxa8
34. Qb8+ Qf8 35. Kf1 Qxb8 36. Bxb8 Kf7 37. Ke2 Bc6 38. Kd2 Ke7 39. Kc2 Bb5 40.
Bf4 Kd7 41. Kb3 Bf1 42. Ne1 e5 43. Be3 Kc6 44. h4 Kb5 45. g3 Bc4+ 46. Kb2 f5
47. dxe5 Bxe5 48. Nc2 Bd3 49. Ne1 Bc4 50. Nf3 Bg7 51. Bd4 Bf8 52. Ng5 h6 53.
Ne6 Bd6 54. Bg7 h5 55. Nd4+ Kb6 56. Ne6 Kb5 57. Kc2 Ka4 58. f4 Kb5 59. Bf8 Bxf8
60. Nxf8 Be2 61. Nxg6 d4 62. Ne5 dxc3 63. Kxc3 Kb6 64. Kd4 Kb5 65. Kc3 Kb6 66.
Nc4+ Kc6 67. Kd4 Bf1 68. b5+ Kc7 69. Kc5 Be2 70. b6+ Kb7 71. Nd6+ Kb8 72. Nxf5
Bg4 73. Nd6 Be6 74. f5 Bg8 75. f6 1-0

[Event "26.Schlosspark-Open"]
[Site "Wiesbaden-Biebrich"]
[Date "2014.08.29"]
[Round "2.51"]
[White "Rump, Andreas"]
[Black "Schmitt, Clemens"]
[Result "0-1"]
[WhiteElo "1939"]
[BlackElo "1581"]
[PlyCount "48"]
[EventDate "2014.??.??"]
[WhiteTeam "SG Turm Idstein"]
[BlackTeam "SV Bergwinkel"]

1. e4 e6 2. d4 d5 3. e5 c5 4. c3 Nc6 5. a3 Qb6 6. Nf3 f6 7. exf6 Nxf6 8. Bd3
Bd6 9. O-O O-O 10. dxc5 Bxc5 11. b4 Bxf2+ 12. Rxf2 Ng4 13. Qe2 Qxf2+ 14. Qxf2
Nxf2 15. Kxf2 e5 16. Ke3 e4 17. Bc2 exf3 18. gxf3 Ne5 19. Nd2 Bh3 20. Bb2 Rae8
21. Kd4 Nc6+ 22. Kc5 Re5 23. Bb3 Rff5 24. b5 b6+ 0-1

[Event "26.Schlosspark-Open"]
[Site "Wiesbaden-Biebrich"]
[Date "2014.08.29"]
[Round "2.52"]
[White "van Bömmel, Philipp"]
[Black "Anhalt, Albert"]
[Result "1/2-1/2"]
[WhiteElo "1722"]
[BlackElo "1909"]
[PlyCount "48"]
[EventDate "2014.??.??"]
[WhiteTeam "SC 1979 Hattersheim"]
[BlackTeam "SG Turm Idstein"]

1. c4 Nf6 2. g3 c6 3. Bg2 d5 4. b3 Bf5 5. Nf3 e6 6. Bb2 Be7 7. O-O Nbd7 8. d3
O-O 9. Nbd2 Bg6 10. Re1 Re8 11. e4 Nc5 12. Ne5 dxe4 13. d4 Nd3 14. Nxd3 exd3
15. Ne4 Nxe4 16. Bxe4 Bf6 17. Bxg6 hxg6 18. Qxd3 c5 19. Rad1 Qc7 20. Qc2 cxd4
21. Bxd4 Be7 22. Qb2 Bf8 23. Rd3 Qc6 24. Red1 Red8 1/2-1/2

[Event "26.Schlosspark-Open"]
[Site "Wiesbaden-Biebrich"]
[Date "2014.08.29"]
[Round "2.53"]
[White "Costea, Valerius"]
[Black "Schneider, Kevin"]
[Result "1-0"]
[WhiteElo "1988"]
[BlackElo "1155"]
[PlyCount "81"]
[EventDate "2014.??.??"]
[WhiteTeam "SK Frankenthal"]
[BlackTeam "SC Turm Breuberg"]

1. e4 e5 2. Nf3 Nc6 3. Bb5 a6 4. Ba4 b5 5. Bb3 d6 6. d3 Be7 7. Nbd2 Bd7 8. Nf1
Na5 9. Ng3 Nf6 10. c3 Nxb3 11. axb3 Bg4 12. h3 Be6 13. c4 b4 14. d4 exd4 15.
Nxd4 Bd7 16. O-O O-O 17. Re1 a5 18. Be3 Kh8 19. Bf4 Ng8 20. e5 dxe5 21. Bxe5
Bf6 22. Nf3 h6 23. Qd5 c6 24. Bxf6 Nxf6 25. Qc5 Re8 26. Ne5 Kg8 27. Rad1 Qc7
28. Re3 Rab8 29. Rde1 Be6 30. Qxc6 Rb7 31. Qxc7 Rxc7 32. Ra1 Ra8 33. f4 g6 34.
Ne2 Nd7 35. Nxg6 fxg6 36. Rxe6 Kf7 37. Re3 Kf6 38. Rd1 Nf8 39. Rd6+ Kf7 40. f5
Re7 41. fxg6+ 1-0